Giáo trình quy hoạch môi trường
Uloženo v:
| Hlavní autor: | |
|---|---|
| Médium: | Sách |
| Jazyk: | Undetermined |
| Vydáno: |
Đại học Quốc gia Tp. Hồ Chí Minh
2014
|
| Témata: | |
| Tagy: |
Přidat tag
Žádné tagy, Buďte první, kdo otaguje tento záznam!
|
| Thư viện lưu trữ: | Trung tâm Thư viện - Trường Đại học Công nghiệp TP. Hồ Chí Minh |
|---|
| LEADER | 00564nam a2200157Ia 4500 | ||
|---|---|---|---|
| 001 | UIH_03113 | ||
| 008 | 231011s9999 xx 000 0 und d | ||
| 082 | |a 628 | ||
| 100 | |a Phùng, Chí Sỹ | ||
| 245 | 0 | |a Giáo trình quy hoạch môi trường | |
| 245 | 0 | |c Phùng, Chí Sỹ | |
| 260 | |b Đại học Quốc gia Tp. Hồ Chí Minh | ||
| 260 | |c 2014 | ||
| 650 | |a Quản lý môi trường; Quy hoạch đô thị; | ||
| 927 | |a Sách | ||
| 980 | |a Trung tâm Thư viện - Trường Đại học Công nghiệp TP. Hồ Chí Minh | ||